[Event "41. Rilton Cup 2011/2012"]
[Site "Stockholm SWE"]
[Date "2011.12.27"]
[Round "1.26"]
[White "Olund, Joar"]
[Black "Fries Nielsen, Jens Ove"]
[Result "1/2-1/2"]
[WhiteElo "2141"]
[BlackElo "2387"]
[PlyCount "107"]
[EventDate "2011.12.27"]
[EventType "swiss"]
[EventRounds "9"]
[EventCountry "SWE"]
[Source "lmi"]
[SourceDate "2011.12.28"]

1. d4 g6 2. e4 Bg7 3. c4 e6 4. Nc3 Ne7 5. Nf3 d5 6. e5 Nbc6 7. c5 b6 8. cxb6
axb6 9. h4 h6 10. Bf4 Na5 11. b3 c6 12. Bd3 Ba6 13. Rc1 Nf5 14. Bxa6 Rxa6 15.
Qd3 Ra8 16. g4 Ne7 17. h5 Qd7 18. Be3 g5 19. Nd2 f5 20. exf6 Bxf6 21. b4 Nb7
22. f4 gxf4 23. Bxf4 Rg8 24. Rg1 Nd6 25. Nf3 Nc4 26. Bxh6 e5 27. g5 e4 28. Nxe4
dxe4 29. Qxe4 Nd6 30. Qe2 Bh8 31. g6 Ndf5 32. Bg5 Qd5 33. Rc2 Ra3 34. Nh4 Kd7
35. Rg4 Bf6 36. Qg2 Qe6+ 37. Re2 Ne3 38. Bxe3 Rxe3 39. Re4 Bxh4+ 40. Rxh4 Nf5
41. Re4 Qxe4 42. Qxe4 Rxe4 43. Rxe4 Rh8 44. Rg4 Rxh5 45. g7 Ne7 46. g8=Q Nxg8
47. Rxg8 Rh4 48. Kd2 Rh2+ 49. Kc3 Rxa2 50. Rg7+ Kd6 51. Rg6+ Kd5 52. Rg5+ Kd6
53. Rg6+ Kd5 54. Rg5+ 1/2-1/2

[Event "41. Rilton Cup 2011/2012"]
[Site "Stockholm SWE"]
[Date "2011.12.28"]
[Round "2.13"]
[White "Glantz, Robert"]
[Black "Solak, Dragan"]
[Result "0-1"]
[WhiteElo "2289"]
[BlackElo "2629"]
[PlyCount "74"]
[EventDate "2011.12.27"]
[EventType "swiss"]
[EventRounds "9"]
[EventCountry "SWE"]
[Source "lmi"]
[SourceDate "2011.12.28"]

1. e4 c6 2. Nf3 d5 3. exd5 cxd5 4. Ne5 Nc6 5. d4 e6 6. Bb5 Qc7 7. O-O Bd6 8.
Bf4 Nge7 9. Bg3 Nf5 10. Re1 O-O 11. Bxc6 bxc6 12. Nc3 Rb8 13. Na4 f6 14. Nf3
Nxg3 15. hxg3 e5 16. dxe5 fxe5 17. c4 Qf7 18. c5 Bc7 19. Qd2 Qf6 20. a3 Ba6 21.
b4 e4 22. Nh2 Rf7 23. Nc3 Rbf8 24. Ra2 Bc4 25. Rb2 h5 26. Nd1 Be5 27. Rb1 Bd3
28. Rb3 Bc4 29. Rb1 Bd4 30. Rb2 Bxb2 31. Nxb2 Qxf2+ 32. Qxf2 Rxf2 33. Nxc4 dxc4
34. Rxe4 c3 35. Rc4 c2 36. Nf3 R8xf3 37. gxf3 Rd2 0-1

[Event "41. Rilton Cup 2011/2012"]
[Site "Stockholm SWE"]
[Date "2011.12.30"]
[Round "4.9"]
[White "Sipila, Vilka"]
[Black "Cramling, Pia"]
[Result "1-0"]
[WhiteElo "2316"]
[BlackElo "2495"]
[PlyCount "99"]
[EventDate "2011.12.27"]
[EventType "swiss"]
[EventRounds "9"]
[EventCountry "SWE"]
[Source "lmi"]
[SourceDate "2011.12.28"]

1. e4 c5 2. b4 cxb4 3. Nf3 d5 4. exd5 Qxd5 5. c4 bxc3 6. Nxc3 Qa5 7. Bb5+ Nd7
8. O-O Ngf6 9. Qb3 e6 10. Re1 Be7 11. Ng5 O-O 12. Nxe6 Nc5 13. Nxc5 Bxc5 14. h3
Be6 15. Qa4 Qb6 16. Qf4 Rad8 17. Rb1 Rd4 18. Qf3 Qd6 19. d3 Bb4 20. Ne4 Nxe4
21. Rxe4 Rxe4 22. Qxe4 Bc5 23. Bf4 Qd5 24. Qxd5 Bxd5 25. Rc1 Bb6 26. a4 h6 27.
Be3 Rd8 28. Bxb6 axb6 29. Rc7 g5 30. g3 Kg7 31. Kf1 Rd6 32. Ke2 Bg2 33. Bc4 Rf6
34. h4 gxh4 35. gxh4 Bf3+ 36. Ke3 Bc6 37. f4 Bxa4 38. Rxb7 Kg6 39. d4 Kh5 40.
Bxf7+ Kxh4 41. d5 Bd1 42. Be6 Bg4 43. Rf7 Rg6 44. f5 Rg8 45. Rh7 Ra8 46. Rxh6+
Kg5 47. Rg6+ Kh5 48. Kf4 Ra4+ 49. Ke5 b5 50. Rg8 1-0

[Event "41. Rilton Cup 2011/2012"]
[Site "Stockholm SWE"]
[Date "2012.01.01"]
[Round "5.6"]
[White "Rozentalis, Eduardas"]
[Black "Socko, Monika"]
[Result "1-0"]
[WhiteElo "2586"]
[BlackElo "2479"]
[PlyCount "85"]
[EventDate "2011.12.27"]
[EventType "swiss"]
[EventRounds "9"]
[EventCountry "SWE"]
[Source "lmi"]
[SourceDate "2011.12.28"]

1. e4 c5 2. Nf3 d6 3. Bb5+ Bd7 4. Bxd7+ Qxd7 5. c4 Nc6 6. d4 cxd4 7. Nxd4 Nf6
8. Nc3 g6 9. h3 Bg7 10. Be3 O-O 11. O-O Nxd4 12. Bxd4 Rac8 13. b3 b6 14. Re1
Rfd8 15. Qd2 e6 16. Rad1 Qb7 17. Qd3 Qe7 18. Nb5 Ne8 19. Bxg7 Kxg7 20. Qd4+ Kg8
21. Re3 Rc5 22. Red3 a6 23. Nc3 Rb8 24. Qe3 b5 25. Rxd6 Rbc8 26. Rxa6 bxc4 27.
b4 R5c7 28. b5 Rc5 29. a4 Qc7 30. a5 Qb7 31. g3 h5 32. h4 R5c7 33. Qb6 Kf8 34.
Qxb7 Rxb7 35. b6 Ke7 36. Nb5 e5 37. Ra7 Rcb8 38. Rxb7+ Rxb7 39. Rc1 Nd6 40.
Nxd6 Kxd6 41. Rxc4 Rb8 42. Kf1 f5 43. f3 1-0

[Event "41. Rilton Cup 2011/2012"]
[Site "Stockholm SWE"]
[Date "2012.01.01"]
[Round "5.11"]
[White "Volkov, Sergey"]
[Black "Dragicevic, Drazen"]
[Result "1-0"]
[WhiteElo "2626"]
[BlackElo "2312"]
[PlyCount "43"]
[EventDate "2011.12.27"]
[EventType "swiss"]
[EventRounds "9"]
[EventCountry "SWE"]
[Source "lmi"]
[SourceDate "2011.12.28"]

1. d4 c5 2. d5 e5 3. e4 d6 4. Bb5+ Nd7 5. a4 Be7 6. Nf3 Ngf6 7. Nc3 a6 8. Bd3
b6 9. Qe2 Nf8 10. Nd2 Ng6 11. Nc4 h5 12. h4 Bd7 13. Na3 Qc8 14. g3 Ng4 15. Bd2
Nf8 16. f3 Nh6 17. Rb1 f5 18. b4 fxe4 19. Nxe4 Bxa4 20. Nc4 Qc7 21. bxc5 bxc5
22. Rb7 1-0

[Event "41. Rilton Cup 2011/2012"]
[Site "Stockholm SWE"]
[Date "2012.01.02"]
[Round "6.17"]
[White "Kenneskog, Theodor"]
[Black "Cramling, Pia"]
[Result "1/2-1/2"]
[WhiteElo "2123"]
[BlackElo "2495"]
[PlyCount "112"]
[EventDate "2011.12.27"]
[EventType "swiss"]
[EventRounds "9"]
[EventCountry "SWE"]
[Source "lmi"]
[SourceDate "2011.12.28"]

1. d4 Nf6 2. c4 e6 3. Nf3 Bb4+ 4. Nbd2 O-O 5. a3 Be7 6. e4 d5 7. e5 Nfd7 8. b4
a5 9. b5 c5 10. Bb2 b6 11. cxd5 exd5 12. Bd3 Re8 13. O-O Nf8 14. Re1 Nbd7 15.
Nf1 Bb7 16. Ne3 Ne6 17. Bf1 Bf8 18. g3 cxd4 19. Nf5 Ndc5 20. N3xd4 Nxd4 21.
Nxd4 Qd7 22. Bg2 Rad8 23. Rc1 a4 24. f4 Ne4 25. Qxa4 Ra8 26. Qd1 Bxa3 27. Bxa3
Rxa3 28. Bxe4 dxe4 29. Nc6 Rd3 30. Qe2 Bxc6 31. bxc6 Qd4+ 32. Kh1 e3 33. c7 Rc3
34. Qg4 Qe4+ 35. Kg1 Qc6 36. Rxc3 Qxc3 37. Qe2 Qxc7 38. Qxe3 g6 39. Rc1 Qb7 40.
Rb1 Re6 41. h4 h5 42. Qd3 Qc7 43. Rd1 Kg7 44. Qd7 Qc3 45. Qd4 Qa5 46. Qd2 Qa6
47. Qd7 b5 48. Rd6 Qa1+ 49. Kf2 Qb2+ 50. Kf3 Qc3+ 51. Rd3 Qc4 52. Rd6 Qf1+ 53.
Ke3 Qe1+ 54. Kf3 Qf1+ 55. Ke3 Qe1+ 56. Kf3 Qf1+ 1/2-1/2

[Event "41. Rilton Cup 2011/2012"]
[Site "Stockholm SWE"]
[Date "2012.01.03"]
[Round "7.33"]
[White "Martynov, Pavel"]
[Black "Golikov, Nikolai"]
[Result "0-1"]
[WhiteElo "2211"]
[BlackElo "2003"]
[PlyCount "78"]
[EventDate "2011.12.27"]
[EventType "swiss"]
[EventRounds "9"]
[EventCountry "SWE"]
[Source "lmi"]
[SourceDate "2011.12.28"]

1. d4 Nf6 2. c4 e6 3. Nc3 Bb4 4. e3 d5 5. Nge2 O-O 6. a3 Bxc3+ 7. Nxc3 b6 8.
Bd3 dxc4 9. Bxc4 Bb7 10. O-O Qe7 11. Qe2 Rd8 12. Rd1 c5 13. b4 Nc6 14. b5 Na5
15. Ba2 Rac8 16. Bb2 cxd4 17. exd4 Nd5 18. Nxd5 Bxd5 19. Bxd5 Rxd5 20. Rac1
Rcd8 21. Rc3 h6 22. h3 Nb7 23. a4 Nd6 24. g4 Rd7 25. Rc6 Qg5 26. Kh1 Qh4 27.
Kg2 h5 28. Rd3 Qg5 29. Kh1 Qg6 30. Re3 Rg5 31. f3 Nf5 32. Rc8+ Kh7 33. f4 Nxe3
34. fxg5 Qe4+ 35. Kg1 Qf4 36. gxh5 Rd5 37. Qd3+ Rf5 38. g6+ fxg6 39. hxg6+ Kxg6
0-1

[Event "41. Rilton Cup 2011/2012"]
[Site "Stockholm SWE"]
[Date "2012.01.04"]
[Round "8.8"]
[White "Lindberg, Bengt"]
[Black "Smith, Axel"]
[Result "1-0"]
[WhiteElo "2415"]
[BlackElo "2480"]
[PlyCount "121"]
[EventDate "2011.12.27"]
[EventType "swiss"]
[EventRounds "9"]
[EventCountry "SWE"]
[Source "lmi"]
[SourceDate "2011.12.28"]

1. e4 c5 2. Nf3 d6 3. d4 cxd4 4. Nxd4 Nf6 5. Nc3 a6 6. Be2 Nbd7 7. O-O g6 8.
Re1 Bg7 9. Bf1 O-O 10. Bg5 Re8 11. Qd2 Qb6 12. Nb3 Qc7 13. f3 Nb6 14. Nd1 Nc4
15. Bxc4 Qxc4 16. Ne3 Qb5 17. Bh4 Be6 18. a4 Qd7 19. Nd4 Rac8 20. b3 Qc7 21. c4
Qb6 22. Red1 Nd7 23. Rab1 Qa7 24. Bf2 Qb8 25. Nd5 Red8 26. Bh4 Bxd5 27. exd5
Bf6 28. Bf2 Nf8 29. b4 Qc7 30. Rbc1 Qd7 31. b5 Ra8 32. Qc2 Rdc8 33. Qb3 Bg5 34.
Rc2 Bf4 35. Rb1 axb5 36. cxb5 Rxc2 37. Qxc2 e5 38. Nc6 Bg5 39. a5 Qc8 40. b6
Kg7 41. Qa4 Qe8 42. Qa2 Nd7 43. Na7 e4 44. Bd4+ Bf6 45. Bxf6+ Nxf6 46. Re1 Qe5
47. fxe4 Qc3 48. Qa1 Qc5+ 49. Kh1 Re8 50. Rc1 Qe3 51. Nb5 Rxe4 52. Rf1 Re5 53.
Nxd6 Qd3 54. a6 Qxa6 55. Qxa6 bxa6 56. b7 Nd7 57. Rxf7+ Kh6 58. h4 Nb8 59. Rf8
Rxd5 60. Rxb8 Rxd6 61. Ra8 1-0

[Event "41. Rilton Cup 2011/2012"]
[Site "Stockholm SWE"]
[Date "2012.01.05"]
[Round "9.21"]
[White "Lundin, Jan"]
[Black "Golikov, Nikolai"]
[Result "1/2-1/2"]
[WhiteElo "2314"]
[BlackElo "2003"]
[PlyCount "24"]
[EventDate "2011.12.27"]
[EventType "swiss"]
[EventRounds "9"]
[EventCountry "SWE"]
[Source "lmi"]
[SourceDate "2011.12.28"]

1. d4 Nf6 2. c4 e6 3. Nc3 Bb4 4. Bg5 c5 5. d5 exd5 6. cxd5 d6 7. e3 Nbd7 8. Bd3
Qa5 9. Nge2 Nxd5 10. O-O Bxc3 11. bxc3 c4 12. Bf5 O-O 1/2-1/2

[Event "41. Rilton Cup 2011/2012"]
[Site "Stockholm SWE"]
[Date "2012.01.05"]
[Round "9.29"]
[White "Cramling, Dan"]
[Black "Martynov, Pavel"]
[Result "0-1"]
[WhiteElo "2392"]
[BlackElo "2211"]
[PlyCount "76"]
[EventDate "2011.12.27"]
[EventType "swiss"]
[EventRounds "9"]
[EventCountry "SWE"]
[Source "lmi"]
[SourceDate "2011.12.28"]

1. d4 Nf6 2. c4 e6 3. Nc3 Bb4 4. e3 c5 5. Bd3 Nc6 6. Nge2 cxd4 7. exd4 d5 8.
cxd5 Nxd5 9. a3 Bd6 10. Ne4 Be7 11. O-O O-O 12. Bc2 Re8 13. Qd3 g6 14. Bh6 b6
15. b4 Bb7 16. Bb3 Rc8 17. Rfd1 Rc7 18. Rac1 Rd7 19. Ba4 Qa8 20. Bg5 Bf8 21.
Qh3 Bg7 22. Qh4 a6 23. N2c3 Nxc3 24. Rxc3 Rxd4 25. Nf6+ Bxf6 26. Qxh7+ Kxh7 27.
Bxf6 Rh4 28. Bxh4 Kg7 29. Rf3 Ne7 30. Bf6+ Kf8 31. Rh3 Rc8 32. f3 Bd5 33. Rh8+
Ng8 34. Bd7 Rc4 35. Rd3 Qb8 36. g3 Qc7 37. Ba4 Rc1+ 38. Kg2 Qc4 0-1